Central Library OPAC University of Rajshahi

The education of free men in American democracy / (Record no. 43549)

MARC details
000 -LEADER
fixed length control field 00956nam a2200253 a 4500
001 - CONTROL NUMBER
control field 43549
003 - CONTROL NUMBER IDENTIFIER
rucl marc code BD-RjUL
005 - DATE AND TIME OF LATEST TRANSACTION
control field 20211209053720.0
008 - FIXED-LENGTH DATA ELEMENTS--GENERAL INFORMATION
fixed length control field 160623s1941 dcua 00000 eng
035 ## - SYSTEM CONTROL NUMBER
System control number (BD-RjUL)43667
System control number 2199773
040 ## - CATALOGING SOURCE
Original cataloging agency ANL
Language of cataloging eng
Transcribing agency WaSpW
Modifying agency BD-RjUL
041 ## - LANGUAGE CODE
Language code of text/sound track or separate title eng
082 0# - DEWEY DECIMAL CLASSIFICATION NUMBER
Classification number 370.973
Edition number 23
Author mark and year NAE 1941
110 2# - MAIN ENTRY--CORPORATE NAME
Corporate name or jurisdiction name as entry element National Education Association of the United States.
Subordinate unit Educational Policies Commission.
9 (RLIN) 133781
245 14 - TITLE STATEMENT
Title The education of free men in American democracy /
260 ## - PUBLICATION, DISTRIBUTION, ETC. (IMPRINT)
Place of publication, distribution, etc. Washington, D.C.,
Name of publisher, distributor, etc. Educational Policies Commission, National Education Association of the United States and the American Association of School Administrators
Date of publication, distribution, etc. [c1941]
300 ## - PHYSICAL DESCRIPTION
Pagination viii, 115 p. :
Illustrations ill ;
Size 24 cm.
650 #0 - SUBJECT ADDED ENTRY--TOPICAL TERM
Topical term or geographic name as entry element Education
Geographic subdivision United States.
9 (RLIN) 133782
Topical term or geographic name as entry element Democracy.
9 (RLIN) 133783
Topical term or geographic name as entry element Totalitarianism.
9 (RLIN) 133784
710 2# - ADDED ENTRY--CORPORATE NAME
Corporate name or jurisdiction name as entry element American Association of School Administrators.
9 (RLIN) 133785
942 ## - ADDED ENTRY ELEMENTS (KOHA)
Source of classification or shelving scheme Dewey Decimal Classification
Koha item type Books
Holdings
Lost status Source of classification or shelving scheme Damaged status Not for loan Collection code Permanent Location Current Location Shelving location Date acquired Source of acquisition Total Checkouts Full call number Date last seen Copy number Koha item type
  Dewey Decimal Classification     Non-fiction Central Library, University of Rajshahi Central Library, University of Rajshahi   02/05/1958 Zeithinger   370.973 NAE 1941 23/06/2016 C-2 Books